Estadísticas para 15 principales países afectados por Covid19 - 5 de junio

Haz click aquí para intentar la prueba.

Estadísticas generales

  • Esta prueba ha sido intentada 3 veces
  • La puntuación promedio es 16 de 25

Estadísticas de respuestas

país% Correcto
Alemania
100%
España
100%
Estados Unidos
100%
Francia
100%
India
100%
Italia
100%
México
100%
Reino Unido
100%
Rusia
100%
Turquía
100%
Arabia Saudita
67%
Bélgica
67%
Brasil
67%
Irán
67%
Singapur
67%
Baréin
33%
Bielorrusia
33%
Catar
33%
Chile
33%
Chile
33%
Irlanda
33%
Kuwait
33%
Perú
33%
Suecia
33%
Armenia
0%

Distribución de puntuación

Porcentaje por número respondido

Porcentaje de gente con cada puntuación

Historial de tus puntuaciones

No has intentado esta prueba.